| 000 | 01038cam a22002654a 4500 | ||
|---|---|---|---|
| 001 | 13451844 | ||
| 005 | 20201128020816.0 | ||
| 008 | 040107s2010 njua | b 001 0 eng d | ||
| 020 | _a9780136114444 | ||
| 020 | _a013611444x | ||
| 040 |
_aDLC _cDLC _dDLC |
||
| 042 | _apcc | ||
| 082 | 0 | 0 |
_a658.4038011 _222 _bLAU |
| 100 | 1 |
_aLaudon, Kenneth C. _d1944- _91293 |
|
| 245 | 1 | 0 |
_aEssentials of Management Information Systems : _cKenneth C. Laudon, Jane P. Laudon. |
| 250 |
_a9th ed. _bGlobal Edition. |
||
| 260 |
_aUpper Saddle River, NJ : _bPrentice Hall, _cc2010. |
||
| 300 |
_a438, G16, R7, I15 p. : _bcol. ill. ; _c29 cm. |
||
| 504 | _aIncludes bibliographical references and index. | ||
| 650 | 0 |
_91296 _aManagement information systems |
|
| 700 | 1 |
_aLaudon, Jane P. _91297 _qLaudon, Jane Price. |
|
| 856 | 4 | 1 |
_3Table of contents _uhttp://www.loc.gov/catdir/toc/ecip0413/2004000086.html |
| 942 |
_2ddc _cBB |
||
| 999 |
_c13862 _d13862 |
||